Statystyki dla Quiz o Turcji

Kliknij tutaj aby rozwiązać quiz!

Ogólne statystyki

  • Ten quiz został rozwiązany 3 900 razy
  • Średni wynik to 10 z 20

Statystyki odpowiedzi

WskazówkaOdpowiedź% Poprawnych
Jakie miasto jest stolicą Turcji?Ankara
97%
A które miasto jest najbardziej zaludnione?Stambuł
94%
Cztery morza, nad którymi leży TurcjaMorze Czarne
88%
Które tureckie imperium uległo upadkowi w 1923 roku?Imperium Osmańskie
80%
Jaka jest dawna nazwa tego miasta?Konstantynopol / Bizancjum
80%
Cztery morza, nad którymi leży TurcjaMorze Śródziemne
79%
Jak się nazywa mięso pieczone na pionowym rożnie?Döner {Kebab}
69%
Cztery morza, nad którymi leży TurcjaMorze Egejskie
59%
Jaki tytuł nosiła osoba, która rządziła w tym imperium?Sułtan
53%
Jakiej jednostki monetarnej używa Turcja?Lira
48%
Jaka jest druga największa grupa etniczna w Turcji?Kurdowie
41%
Jak nazywa się półwysep, na którym leży Turcja?Azja Mniejsza
34%
Kto jest uważany za ojca dzisiejszej Turcji?Mustafa Kemal Atatürk
34%
Cztery morza, nad którymi leży TurcjaMorze Marmara
29%
Jaka miejscowość nadmorska, niegdyś znana jako Smyrna, jest aktualnie
trzecim najbardziej zaludnionym miastem w Turcji?
Izmir
28%
Jak nazywa się najwyższa góra w Turcji?Ararat
19%
Jaki tytuł nosił przywódca cerkwi prawosławnej,
mającej siedzibę w tym mieście?
Patriarcha / Arcybiskup
19%
Pod jaką nazwą znany jest powszechnie meczet sułtana Ahmeda?{Błękitny} Meczet
17%
Jaki wyrób cukierniczy w kształcie sześcianów jest zrobiony z
pokrojonych daktyli, orzechów i żelu?
Rachatłukum
9%
Przed czym rzekomo chroni cię noszenie amuletu nazar?Złym okiem
6%

Rozkład punktacji

Percentyl według liczby udzielonych odpowiedzi

Procent ludzi z każdym wynikiem

Twoja historia wyników

Nie rozwiązałeś tego quizu